[Event "OS INCLIVEIS"]
[Site "http://www.queenalice.com/game.php?id=1199760"]
[Date "2013.7.14"]
[Round "-"]
[White "adelio"]
[Black "rchedid"]
[Result "1-0"]
[WhiteElo "1824"]
[BlackElo "2010"]

1. f4 d5 2. d4 Nf6 3. Nc3 Bf5 4. Nf3 e6 5. a3 c5 6. e3 cxd4 7. Nxd4 a6 8. Nxf5
exf5 9. Ra2 Nc6 10. b4 Be7 11. Ne2 Ne4 12. g3 h5 13. Bg2 h4 14. c3 hxg3 15. Nxg3
1-0

[Event "AUTO-OPEN-3072"]
[Site "http://www.queenalice.com/game.php?id=1214461"]
[Date "2013.9.5"]
[Round "1"]
[White "doriam2203"]
[Black "rchedid"]
[Result "0-1"]
[WhiteElo "1723"]
[BlackElo "1978"]

1. e4 Nf6 2. e5 Nd5 3. d4 d6 4. Nf3 dxe5 5. dxe5 Bg4 6. h3 Bxf3 7. Qxf3 e6 8. c4
Nb4 9. Na3 N8c6 10. Bd2 Nd4 11. Qc3 a6 12. c5 Qd5 13. Bc4 Qe4+ 14. Be3 Nbc2+ 15.
Nxc2 Nxc2+ 16. Ke2 Nxa1 17. Rxa1 Bxc5 18. Rc1 Bxe3 19. fxe3 Qxg2+ 0-1

[Event "AUTO-OPEN-3072"]
[Site "http://www.queenalice.com/game.php?id=1214462"]
[Date "2013.9.5"]
[Round "1"]
[White "rchedid"]
[Black "doriam2203"]
[Result "0-1"]
[WhiteElo "1951"]
[BlackElo "1705"]

1. d4 d5 2. c4 Nf6 3. Nf3 e6 4. e3 Ne4 5. Nc3 Nc6 6. Bd3 Nxc3 7. bxc3 h6 8. cxd5
exd5 9. O-O Bd6 10. h3 O-O 11. Qc2 Qf6 12. Re1 Bxh3 13. e4 Qg6 14. Nh4 Qg4 15.
e5 Rfe8 16. g3 Be7 17. Bf5 Qh5 18. Bxh3 Bxh4 19. gxh4 Qxh4 20. Bg2 Ne7 21. Qb3
b6 22. Re3 c6 23. Rh3 Qg4 24. c4 Rad8 25. Bxh6 Nf5 26. Be3 dxc4 27. Qxc4 c5 28.
Qc2 cxd4 29. Qc4 Rxe5 30. Qc7 Rde8 31. f3 Qg6 32. Bf4 Re2 33. Bg3 d3 34. Bf1 Rc2
35. Qf4 d2 36. Rd1 Ne3 37. Be2 Nxd1 38. Bxd1 Rxa2 39. Kf2 b5 40. Qd4 Qe6 41. Kf1
Qxh3+ 0-1

[Event "AUTO-OPEN-3072"]
[Site "http://www.queenalice.com/game.php?id=1214481"]
[Date "2013.9.5"]
[Round "1"]
[White "holandes"]
[Black "rchedid"]
[Result "1-0"]
[WhiteElo "1853"]
[BlackElo "1972"]

1. e4 c5 2. Nf3 d6 3. Bc4 Nc6 4. c3 Nf6 5. d4 cxd4 6. O-O dxc3 7. Nxc3 e6 8. Bb5
Bd7 9. Bf4 e5 10. Bg5 Be7 11. Bxf6 Bxf6 12. Qxd6 Qe7 13. Qd3 Rd8 14. Ba4 O-O 15.
Nd5 Qd6 16. Rfd1 Nd4 17. Bxd7 Rxd7 18. Rac1 Rfd8 19. Rc3 g6 20. h3 Bg7 21. a3
Nxf3+ 22. Qxf3 Qe6 23. Qg3 f5 24. f3 fxe4 25. fxe4 Rf8 26. Re1 Rxd5 27. exd5
Qxd5 28. Rd3 Qc6 29. Rc3 Qb6+ 30. Kh1 e4 31. Rce3 Qxb2 32. Rxe4 Qb5 33. Kh2 b6
34. a4 Qc6 35. Qb3+ Kh8 36. Re6 Qc7+ 37. g3 Rf2+ 38. Kh1 Bd4 39. Re8+ 1-0

[Event "AUTO-OPEN-3072"]
[Site "http://www.queenalice.com/game.php?id=1214482"]
[Date "2013.9.5"]
[Round "1"]
[White "rchedid"]
[Black "holandes"]
[Result "1-0"]
[WhiteElo "1961"]
[BlackElo "1837"]

1. e4 c5 2. Nf3 Nf6 3. e5 Nd5 4. Nc3 Nxc3 5. dxc3 e6 6. Bc4 d5 7. exd6 Bxd6 8.
Bb5+ Nc6 9. Bxc6+ bxc6 10. Qe2 h6 11. Be3 O-O 12. Rd1 Qc7 13. O-O e5 14. Qc4 Bg4
15. Qxg4 Rfe8 16. Bxh6 g6 17. h4 e4 18. Ne1 Kh7 19. Be3 Rab8 20. b3 Re5 21. f4
Rh5 22. f5 Rg8 23. Qxe4 Qc8 24. Rxd6 gxf5 25. Qf4 Rg4 26. Qe5 Re4 27. Qxc5 Rexh4
28. Rf3 Rh2 29. Rxc6 Qe8 30. Qxa7 Kg8 31. Rg3+ Kf8 32. Bc5+ 1-0

[Event "AUTO-OPEN-3072"]
[Site "http://www.queenalice.com/game.php?id=1214493"]
[Date "2013.9.5"]
[Round "1"]
[White "rchedid"]
[Black "goldenboy"]
[Result "0-1"]
[WhiteElo "1984"]
[BlackElo "2088"]

1. d4 d5 2. c4 c6 3. Nf3 Nf6 4. e3 e6 5. Nc3 Bb4 6. Bd2 O-O 7. Bd3 Nbd7 8. O-O
Bxc3 9. Bxc3 Re8 10. c5 b6 11. b4 a5 12. a3 bxc5 13. bxc5 Qc7 14. Rb1 Ba6 15.
Qc2 Bxd3 16. Qxd3 Ne4 17. Ba1 e5 0-1

[Event "AUTO-OPEN-3072"]
[Site "http://www.queenalice.com/game.php?id=1214494"]
[Date "2013.9.5"]
[Round "1"]
[White "goldenboy"]
[Black "rchedid"]
[Result "1-0"]
[WhiteElo "2100"]
[BlackElo "1972"]

1. e4 c5 2. f4 e6 3. Nf3 d5 4. exd5 exd5 5. d4 Nf6 6. Bb5+ Bd7 7. Qe2+ Qe7 8.
Bxd7+ Nbxd7 9. Nc3 Qxe2+ 10. Nxe2 Be7 11. Ne5 Nxe5 12. fxe5 Ne4 13. c3 cxd4 14.
Nxd4 O-O 15. O-O Rfe8 16. Be3 a6 17. Rad1 1-0

[Event "AUTO-MASTER-1983"]
[Site "http://www.queenalice.com/game.php?id=1233300"]
[Date "2013.11.18"]
[Round "1"]
[White "rok66"]
[Black "rchedid"]
[Result "1-0"]
[WhiteElo "2085"]
[BlackElo "1930"]

1. e4 d5 2. exd5 Nf6 3. c4 c6 4. d4 e6 5. dxe6 Bxe6 6. Nf3 Bb4+ 7. Bd2 Bxd2+ 8.
Nbxd2 O-O 9. Bd3 Re8 10. O-O Bg4 11. Qc2 Qc7 12. Ne5 h6 13. Nxg4 Nxg4 14. Nf3
Na6 15. a3 1-0

[Event "AUTO-MASTER-1983"]
[Site "http://www.queenalice.com/game.php?id=1233301"]
[Date "2013.11.18"]
[Round "1"]
[White "rchedid"]
[Black "rok66"]
[Result "0-1"]
[WhiteElo "1941"]
[BlackElo "2074"]

1. d4 Nf6 2. c4 e6 3. g3 Bb4+ 4. Bd2 Qe7 5. Nf3 Nc6 6. Bg2 Bxd2+ 7. Nbxd2 d6 8.
O-O O-O 9. e4 e5 10. d5 Nb4 11. a3 Na6 12. b4 Bd7 13. Ne1 Rac8 14. f4 Nb8 15. f5
c6 0-1

[Event "AUTO-MASTER-1983"]
[Site "http://www.queenalice.com/game.php?id=1233316"]
[Date "2013.11.18"]
[Round "1"]
[White "carver"]
[Black "rchedid"]
[Result "1-0"]
[WhiteElo "1939"]
[BlackElo "1915"]

1. d4 d5 2. c4 c6 3. Nf3 Nf6 4. Nc3 dxc4 5. a4 Bf5 6. e3 e6 7. Bxc4 Bb4 8. Bd2
O-O 9. O-O Nbd7 10. Ne2 Bd6 11. Qb3 Qc8 12. Ng3 Bg4 13. Be2 Qc7 14. Bb4 Bxb4 15.
Qxb4 e5 16. dxe5 Nxe5 17. Nxe5 Bxe2 18. Nxe2 Qxe5 19. Rad1 b6 20. Qc3 Qxc3 21.
Nxc3 Rfd8 22. Rxd8+ Rxd8 23. Rd1 Rxd1+ 24. Nxd1 Ne4 25. Nc3 Kf8 26. Nxe4 1-0

[Event "AUTO-MASTER-1983"]
[Site "http://www.queenalice.com/game.php?id=1233317"]
[Date "2013.11.18"]
[Round "1"]
[White "rchedid"]
[Black "carver"]
[Result "1-0"]
[WhiteElo "1929"]
[BlackElo "2013"]

1. e4 e5 2. Nf3 Nc6 3. Bc4 Bc5 4. b4 Bxb4 5. c3 Ba5 6. d4 d6 7. Qb3 Qd7 8. dxe5
Nxe5 9. Nxe5 dxe5 10. O-O c6 11. Rd1 Qc7 12. Ba3 Qb6 13. Bxf7# 1-0

[Event "AUTO-MASTER-1983"]
[Site "http://www.queenalice.com/game.php?id=1233328"]
[Date "2013.11.18"]
[Round "1"]
[White "rchedid"]
[Black "chagrix64"]
[Result "0-1"]
[WhiteElo "1920"]
[BlackElo "2255"]

1. Nf3 Nf6 2. d4 e6 3. c4 d5 4. g3 Nc6 5. Bg2 dxc4 6. Qa4 Be7 7. O-O O-O 8. Qxc4
Bd7 9. Nc3 Na5 10. Qd3 c5 11. dxc5 Bxc5 12. Bg5 Bc6 13. Qc2 Rc8 14. Rad1 Qc7 15.
Bxf6 gxf6 0-1

[Event "AUTO-MASTER-1983"]
[Site "http://www.queenalice.com/game.php?id=1233329"]
[Date "2013.11.18"]
[Round "1"]
[White "chagrix64"]
[Black "rchedid"]
[Result "1-0"]
[WhiteElo "2257"]
[BlackElo "1917"]

1. Nc3 e5 2. Nf3 d6 3. e4 Nf6 4. d4 Nbd7 5. Bc4 Be7 6. Ng5 O-O 7. Bxf7+ Rxf7 8.
Ne6 Qe8 9. Nxc7 Qd8 10. Nxa8 b6 11. dxe5 dxe5 12. Be3 Ba6 13. Nxb6 axb6 14. f3
Bb4 15. Qd2 Qc8 16. a3 1-0

[Event "AUTO-ADV-2827"]
[Site "http://www.queenalice.com/game.php?id=1238192"]
[Date "2013.12.6"]
[Round "2"]
[White "Constante"]
[Black "rchedid"]
[Result "1-0"]
[WhiteElo "2228"]
[BlackElo "1928"]

1. e4 e5 2. Nf3 Nc6 3. Bb5 Bc5 4. c3 Nf6 5. O-O O-O 6. d4 Bb6 7. Bg5 h6 8. Bh4
d6 9. Bxc6 bxc6 10. dxe5 dxe5 11. Na3 Ba6 12. Re1 Qd6 13. Qa4 Bb7 14. Nc4 Qe6
15. Ncxe5 g5 16. Bg3 Nh5 17. Nd4 Bxd4 18. cxd4 Nxg3 19. hxg3 c5 20. Nd7 Bc6 21.
Nxf8 Kxf8 22. Qa3 Qc4 23. Rac1 Qxd4 24. Rxc5 1-0

[Event "AUTO-ADV-2827"]
[Site "http://www.queenalice.com/game.php?id=1238193"]
[Date "2013.12.6"]
[Round "2"]
[White "rchedid"]
[Black "Constante"]
[Result "0-1"]
[WhiteElo "1924"]
[BlackElo "2242"]

1. d4 e6 2. Nf3 Nf6 3. c4 b6 4. Bf4 Be7 5. Nc3 Bb7 6. e3 O-O 7. Bd3 d5 8. O-O
Nc6 9. Qc2 Nb4 10. Qb1 dxc4 11. Bxc4 Be4 12. Qd1 Nbd5 13. Nd2 Bg6 14. Bg3 c6 15.
a3 b5 16. Nxd5 exd5 17. Be2 Re8 18. Nb3 Ne4 19. Rc1 Rc8 20. Nc5 Nxc5 21. dxc5
Bf6 22. Qd2 d4 23. exd4 Bxd4 24. Rfd1 Bf6 25. Bd6 Be7 26. Bf3 Qd7 27. Qf4 Bf6
28. Bg4 Qd8 29. Bxc8 Qxc8 30. Re1 Bxb2 31. Rxe8+ Qxe8 32. Qd2 Bxc1 33. Qxc1 Qe2
0-1

[Event "AUTO-MASTER-2008"]
[Site "http://www.queenalice.com/game.php?id=1244919"]
[Date "2014.1.3"]
[Round "1"]
[White "rchedid"]
[Black "ozzyvegeta"]
[Result "1-0"]
[WhiteElo "1908"]
[BlackElo "2123"]

1. d4 d5 2. Nf3 c6 3. c4 e6 4. Nc3 Nf6 5. cxd5 exd5 6. Bg5 Be7 7. Qc2 O-O 8. e3
Bg4 9. Ne5 Bh5 10. Bd3 Nbd7 11. f4 h6 12. Bxf6 Bxf6 13. O-O Re8 14. Bh7+ Kh8 15.
Bf5 Bxe5 16. dxe5 f6 17. e6 Nf8 18. g4 g6 19. gxh5 gxf5 20. Qxf5 Qe7 21. Kh1
Nxe6 22. Rg1 Rg8 23. Rg6 Rxg6 24. Qxg6 Qg7 25. Rg1 Rg8 26. Qxg7+ Rxg7 27. Rg6
Rxg6 28. hxg6 Nc5 29. Kg2 Kg7 30. f5 Nd3 31. b3 Nb4 32. Kf3 a5 33. h4 h5 34. Ke2
b5 35. Kd2 Na6 36. Kd3 Nc5+ 37. Kd4 Nd7 38. Nb1 Ne5 39. Nd2 Ng4 40. Nf1 Kf8 41.
Kc5 Ne5 42. Ng3 Nf3 43. Kxc6 b4 44. Kxd5 Nxh4 45. Kc5 Ng2 46. Nxh5 Nxe3 47. Ng3
Nd1 48. Kb5 Nc3+ 49. Kxa5 Nxa2 50. Ne2 Ke7 51. Nd4 Kf8 52. Nc6 Nc3 53. Kxb4 Nd5+
54. Kc5 Ne3 55. Nd4 Ng4 56. b4 Ne5 57. b5 Ke7 58. Nc6+ Nxc6 59. bxc6 Kd8 60. Kd6
Ke8 61. c7 Kf8 62. c8=Q+ Kg7 63. Qc1 Kg8 64. Qh1 Kg7 65. Qh7+ Kf8 66. Qf7# 1-0

[Event "AUTO-MASTER-2008"]
[Site "http://www.queenalice.com/game.php?id=1244920"]
[Date "2014.1.3"]
[Round "1"]
[White "ozzyvegeta"]
[Black "rchedid"]
[Result "1-0"]
[WhiteElo "2131"]
[BlackElo "1900"]

1. e4 e5 2. Nf3 Nc6 3. Bb5 Bc5 4. O-O Nd4 5. Bc4 d6 6. h3 Be6 7. Bxe6 Nxe6 8.
Nc3 Nf6 9. d3 h6 10. Be3 Bxe3 11. fxe3 c6 12. Qe1 O-O 13. Nh4 Nh5 14. Nf5 d5 15.
exd5 cxd5 16. Nxd5 Kh7 17. Nfe7 Qd6 18. Qh4 g6 19. g4 Rg8 20. Rxf7+ Rg7 21. gxh5
gxh5+ 22. Rxg7+ Nxg7 23. Qe4+ Kh8 24. Rf1 Ne8 25. Ng6+ Kg7 26. Nxe5 Rc8 27. Rf7+
1-0

[Event "AUTO-MASTER-2008"]
[Site "http://www.queenalice.com/game.php?id=1244921"]
[Date "2014.1.3"]
[Round "1"]
[White "rchedid"]
[Black "mole"]
[Result "0-1"]
[WhiteElo "1921"]
[BlackElo "2206"]

1. d4 Nf6 2. Nf3 e6 3. g3 b5 4. Bg2 Bb7 5. O-O c5 6. c3 Be7 7. Bg5 Na6 8. Nbd2
O-O 9. e3 cxd4 10. cxd4 d6 11. Qe2 Qb6 12. Rfc1 Rfc8 13. Ne1 Nb4 14. a3 Bxg2 15.
Kxg2 Qb7+ 16. Kg1 Nc6 17. Nd3 Na5 18. Rxc8+ Rxc8 19. Rc1 Rxc1+ 20. Nxc1 Nc4 21.
Nxc4 bxc4 22. Bxf6 gxf6 23. Qxc4 Qxb2 24. a4 d5 25. Qc8+ Kg7 26. Kg2 Qd2 27. Qd7
Bb4 28. Qb5 a6 29. Qf1 Bf8 30. Nd3 Qc2 31. Nc5 Bxc5 32. dxc5 Qxa4 33. Qd3 a5 34.
Qc3 Qe4+ 35. Kg1 Qb4 36. Qc2 a4 37. c6 a3 38. c7 Qa5 39. c8=Q a2 40. Q8c3 a1=Q+
41. Qxa1 Qxa1+ 42. Kg2 Qe5 43. Qd3 Qe4+ 44. Qxe4 dxe4 45. f3 f5 46. fxe4 fxe4
47. g4 e5 48. Kg3 Kg6 49. h3 f6 50. Kh4 h6 51. Kg3 Kg5 52. h4+ Kg6 53. Kh3 h5
0-1

[Event "AUTO-MASTER-2008"]
[Site "http://www.queenalice.com/game.php?id=1244922"]
[Date "2014.1.3"]
[Round "1"]
[White "mole"]
[Black "rchedid"]
[Result "1-0"]
[WhiteElo "2214"]
[BlackElo "1933"]

1. e4 c5 2. d3 d6 3. g3 g6 4. f3 Bg7 5. Nh3 Nc6 6. c3 e6 7. Nd2 Nge7 8. Nf2 e5
9. Bh3 O-O 10. Bxc8 Rxc8 11. O-O Qd7 12. Qb3 Kh8 13. Nc4 d5 14. exd5 Nxd5 15.
Ne4 b6 16. Ncd6 Rcd8 17. Qxd5 f5 18. Bg5 fxe4 19. Bxd8 Nxd8 20. fxe4 Qe6 21.
Nf7+ Kg8 22. Nxd8 Qxd5 23. Rxf8+ Bxf8 24. exd5 1-0

[Event "AUTO-MASTER-2008"]
[Site "http://www.queenalice.com/game.php?id=1244923"]
[Date "2014.1.3"]
[Round "1"]
[White "rchedid"]
[Black "gasparotto"]
[Result "0-1"]
[WhiteElo "1911"]
[BlackElo "2064"]

1. d4 d5 2. Nf3 c6 3. c4 e6 4. Nc3 Nf6 5. Qb3 Qc7 6. g3 Be7 7. Bf4 Bd6 8. Bxd6
Qxd6 9. cxd5 exd5 10. Bg2 O-O 11. O-O b6 12. Rfd1 Bg4 13. Rac1 Nbd7 14. Qc2 Rfe8
15. e3 Ne4 16. Ne2 Rac8 17. Ne1 Bf5 18. Nd3 c5 19. f3 cxd4 20. Qa4 Nec5 21. Nxc5
Nxc5 22. Qxd4 Qe5 23. Qxe5 Rxe5 24. Nc3 Nd3 25. Rxd3 Bxd3 26. Kf2 b5 27. Rd1 Bc4
28. b3 Bxb3 29. Nxb5 Bxd1 0-1

[Event "AUTO-MASTER-2008"]
[Site "http://www.queenalice.com/game.php?id=1244924"]
[Date "2014.1.3"]
[Round "1"]
[White "gasparotto"]
[Black "rchedid"]
[Result "1/2-1/2"]
[WhiteElo "2074"]
[BlackElo "1901"]

1. e4 e5 2. Nc3 Nc6 3. Nf3 g6 4. Bc4 Bg7 5. O-O Nge7 6. d3 O-O 7. Bg5 h6 8. Bh4
Na5 9. Nd5 Re8 10. Nxe7+ Rxe7 11. Bxe7 Qxe7 12. Bb3 Nxb3 13. axb3 d6 14. Qd2 c6
15. Qe3 a6 16. Qb6 Be6 17. d4 Rc8 18. c4 exd4 19. Nxd4 Bd7 20. f4 c5 21. Ne2 Bc6
22. Ng3 Bxb2 23. Rae1 Re8 24. b4 Bc3 25. b5 axb5 26. cxb5 Bxe1 27. Rxe1 Bd7 28.
Qxb7 Qe6 29. b6 d5 30. Qc7 Qc6 31. Qxc6 Bxc6 32. Rb1 d4 33. e5 d3 34. b7 Rb8 35.
Kf2 Rxb7 36. Rc1 d2 37. Rd1 Rb2 38. Ke3 Bxg2 39. Rxd2 Rxd2 1/2-1/2

[Event "Challenge"]
[Site "http://www.queenalice.com/game.php?id=1246719"]
[Date "2014.1.9"]
[Round "-"]
[White "filomenos"]
[Black "rchedid"]
[Result "0-1"]
[WhiteElo "1955"]
[BlackElo "1893"]

1. d4 f5 2. g3 g6 3. Bg2 Bg7 4. Nf3 Nf6 5. c3 O-O 6. Nbd2 c6 7. O-O d5 8. Nb3 b6
9. Bf4 Nbd7 10. Nfd2 Ne4 11. Nxe4 fxe4 12. f3 Nf6 13. Nd2 exf3 14. Nxf3 Ng4 15.
Nd2 e5 16. dxe5 Nxe5 17. Bxe5 Rxf1+ 18. Qxf1 Bxe5 19. Rd1 Ba6 20. Qf2 Qd7 21.
Re1 Rf8 22. Qe3 Bd6 23. Kh1 Bc5 24. Qg5 Rf2 25. Qe5 Rf5 26. Qb8+ Kg7 27. Nb3 Bd6
28. Qa8 Rf8 29. Qxf8+ Bxf8 0-1